| 000 | 00430 a2200157 4500 | ||
|---|---|---|---|
| 020 | _a8121904137 | ||
| 082 | _a539.7 | ||
| 090 |
_c4944 _d4944 |
||
| 100 | _a Ghoshal, S. N. | ||
| 245 |
_aNuclear Physics _cS. N. Ghoshal |
||
| 260 |
_aNew Delhi: _bS. Chand and Company Ltd., _c1994. |
||
| 300 |
_axiv, 1055 p. : _bill. ; _c24 cm. |
||
| 500 | _aIncludes Index | ||
| 650 | _a 1.Nuclear Energy.2.Nuclear Physics | ||
| 942 |
_cBK _k539.7 GHO |
||
| 999 |
_c8821 _d8821 |
||